Statistics for 1982 FIFA World Cup Final Italy - West Germany

Click here to take the quiz!

General Stats

  • This quiz has been taken 148 times
  • The average score is 15 of 28

Answer Stats

Player% Correct
Paolo Rossi ¹
96%
Dino Zoff
93%
Karl-Heinz Rummenigge
79%
Marco Tardelli ¹
70%
Gaetano Scirea
68%
Harald Schumacher
68%
Paul Breitner ¹
64%
Hansi Müller
62%
Giuseppe Bergomi
57%
Bruno Conti
54%
Alessandro Altobelli ¹
53%
Claudio Gentile
53%
Antonio Cabrini
52%
Enzo Bearzot
52%
Pierre Littbarski
47%
Bernd Förster
42%
Francesco Graziani
42%
Fulvio Collovati
42%
Karlheinz Förster
42%
Klaus Fischer
41%
Manfred Kaltz
41%
Hans-Peter Briegel
38%
Uli Stielike
38%
Gabriele Oriali
36%
Horst Hrubesch
36%
Franco Causio
35%
Jupp Derwall
34%
Wolfgang Dremmler
30%

Score Distribution

Percentile by Number Answered

Percent of People with Each Score

Your Score History

You have not taken this quiz